Villes les plus peuplées d'Europe en 1500 - Statistiques

Statistiques générales
  • Ce quiz a été pris 231 fois
  • Le résultat moyen est 12 sur 15
Statistiques - réponses
Rang Pays (actuel) Population Ville % Correct
2. France 145 422 habitants Paris
99%
3. Royaume-Uni 121 573 habitants Londinium
98%
10. Espagne 74 375 habitants Madrid
98%
1. Turquie 206 744 habitants Constantinople
97%
6. Belgique 90 150 habitants Bruxelles
96%
11. Russie 74 165 habitants Moscou
95%
8. Italie 89 270 habitants Milan
94%
12. Tchéquie 70 599 habitants Prague
92%
4. Italie 115 648 habitants Naples
90%
5. Italie 115 539 habitants Venise
90%
13. Italie 70 180 habitants Florence
76%
9. Belgique 80 150 habitants Anvers
70%
14. Espagne 69 970 habitants Grenade
49%
7. Espagne 89 424 habitants Cadix
17%
15. Pologne 69 650 habitants Lublin
13%
Aucun quiz correspondant
Distribution des résultats
% des personnes avec chaque résultat
Percentile par nombre de réponses
Votre historique - résultats
Vous n’avez pas pris ce quiz